000 00940nam a2200205 i 4500
001 152282
003 ES-MaACL
005 20250824074921.0
008 931025s1879 sp |||| | spa d
100 1 _aBoccherini, Fernando.
_9126030
245 1 0 _aPor indicios
_b: juguete cómico en un acto, original y en verso /
_cde Fernando Boccherini.
260 _aMadrid :
_b[Hijos de A. Gullon],
_c1879 (
_fEstablecimiento tipográfico de M.P. Montoya y Cia.)
300 _a30 p. ;
_c20 cm.
490 1 _aEl Teatro: Colección de obras dramáticas y líricas
594 1 _aEn port.: Estrenado en el Teatro Martín, el 3 de Marzo de 1879.
596 _aEditor tomado de la cub.
830 0 3 _aEl teatro: colección de obras dramática y líricas
_9221753
852 _aES-MaACL
_jF-8577(6)
_z-- Enc. pasta española
_z-- Enc. en un vol. facticio ormando parte de la col. "Teatro español moderno", vol. 30
999 _c152282
_d152282